000 00800cam a22002533a 4500
001 13785
003 PGUSA
005 20140828083308.0
008 041018s2004||||xxu|||||s|||||000 | eng d
040 _aPGUSA
_beng
042 _adc
050 4 _aPR
100 1 _aColeridge, Stephen,
_d1854-1936
245 1 4 _aThe Glory of English Prose :
_bLetters to My Grandson
_h[electronic resource] /
_cStephen Coleridge
260 _bProject Gutenberg,
_c2004
506 _aPublic domain in the USA.
516 _aElectronic text
653 _aEnglish language -- Great Britain -- Style
653 _aColeridge, Stephen, 1854-1936
653 _aEnglish prose literature -- History and criticism
830 0 _aProject Gutenberg
_v13785
856 4 0 _uhttp://www.gutenberg.org/ebooks/13785
942 _cEB
999 _c243040
_d243040